[Event "CAN-op U2400"]
[Site "Montreal CAN"]
[Date "2014.07.21"]
[Round "4"]
[White "Ang, Alan"]
[Black "Caluza, Severo"]
[Result "0-1"]
[WhiteElo "2017"]
[BlackElo "1725"]
[PlyCount "70"]
[EventDate "2014.07.19"]
[EventType "swiss"]
[EventRounds "9"]
[EventCountry "CAN"]

1. e4 e6 2. d4 d5 3. Nc3 Nf6 4. e5 Nfd7 5. f4 c5 6. Nf3 Nc6 7. Ne2 cxd4 8.
Nexd4 Nxd4 9. Nxd4 Bc5 10. c3 Bxd4 11. cxd4 Nb6 12. Bd3 Qh4+ 13. g3 Qh3 14. Bf1
Qf5 15. Qf3 Qc2 16. Bd3 Qa4 17. Qf2 O-O 18. O-O Qe8 19. Kh1 Bd7 20. Rg1 f5 21.
exf6 Rxf6 22. g4 g5 23. Qc2 gxf4 24. Bxh7+ Kg7 25. g5 Rf8 26. Rf1 Rc8 27. Qd3
Qh5 28. g6 e5 29. Bd2 Bf5 30. Qa3 Be4+ 31. Kg1 Qg5+ 32. Kf2 Nc4 33. Qh3 Bf5 34.
Qb3 Nxd2 35. Qxb7+ Kh6 0-1

[Event "CAN-op U2400"]
[Site "Montreal CAN"]
[Date "2014.07.21"]
[Round "4"]
[White "Babb, Jeff"]
[Black "Holliman, Robert"]
[Result "1/2-1/2"]
[WhiteElo "2111"]
[BlackElo "1976"]
[PlyCount "68"]
[EventDate "2014.07.19"]
[EventType "swiss"]
[EventRounds "9"]
[EventCountry "CAN"]

1. f4 d5 2. e3 c6 3. Nf3 Bg4 4. b3 Nf6 5. Bb2 e6 6. Be2 Nbd7 7. O-O Bd6 8. Ne5
Bxe2 9. Qxe2 Qc7 10. Nxd7 Qxd7 11. d3 O-O-O 12. Nd2 Qe7 13. Nf3 Rhg8 14. c4 Nd7
15. Rac1 Kb8 16. Nd4 Bc5 17. Rc2 h6 18. cxd5 cxd5 19. Rfc1 Bb6 20. Nb5 e5 21.
Ba3 Qe6 22. Bd6+ Ka8 23. Bc7 exf4 24. Bxb6 Qxb6 25. Nc7+ Kb8 26. Nxd5 Qd6 27.
Nxf4 g5 28. Nh5 f5 29. Qf2 Rgf8 30. d4 a6 31. Ng3 f4 32. Nf1 Rde8 33. exf4 Rxf4
34. Qg3 Rxd4 1/2-1/2

[Event "CAN-op U2400"]
[Site "Montreal CAN"]
[Date "2014.07.21"]
[Round "4"]
[White "Baciu, Diana"]
[Black "Libersan, Thierry"]
[Result "1-0"]
[WhiteElo "2294"]
[BlackElo "2090"]
[PlyCount "53"]
[EventDate "2014.07.19"]
[EventType "swiss"]
[EventRounds "9"]
[EventCountry "CAN"]

1. e4 c5 2. Nf3 e6 3. b3 d6 4. Bb2 Nf6 5. e5 dxe5 6. Nxe5 a6 7. a4 Nbd7 8. f4
Qc7 9. Na3 Be7 10. Qf3 O-O 11. Bd3 Re8 12. Nac4 Nf8 13. a5 Nd5 14. Be4 f6 15.
Nd3 Kh8 16. O-O Rb8 17. Qh5 Bd7 18. Rf3 h6 19. Qf7 Bd6 20. Nde5 Bxe5 21. Nxe5
Re7 22. Ng6+ Nxg6 23. Qxg6 f5 24. Be5 Qd8 25. Rh3 fxe4 26. Qxh6+ Kg8 27. Qh8+
1-0

[Event "CAN-op U2400"]
[Site "Montreal CAN"]
[Date "2014.07.21"]
[Round "4"]
[White "Bleau, John"]
[Black "Upper, John"]
[Result "1/2-1/2"]
[WhiteElo "1917"]
[BlackElo "2042"]
[PlyCount "100"]
[EventDate "2014.07.19"]
[EventType "swiss"]
[EventRounds "9"]
[EventCountry "CAN"]

1. d4 e6 2. g3 c5 3. Nf3 b6 4. Bg2 Bb7 5. c3 Nf6 6. O-O Be7 7. b3 O-O 8. Bb2 d6
9. Nbd2 Qc7 10. Re1 Ne4 11. Rc1 Nd7 12. Nxe4 Bxe4 13. h4 Qb7 14. Qd2 Rac8 15.
Red1 cxd4 16. cxd4 d5 17. Rxc8 Rxc8 18. Rc1 Bd6 19. Ne1 Bg6 20. Bf3 Nf6 21. Nd3
Ne4 22. Qe3 h6 23. Kg2 Rxc1 24. Qxc1 Qc7 25. Qxc7 Bxc7 26. Ne5 Bxe5 27. dxe5
Nd2 28. Bc3 Nb1 29. Bb4 Bc2 30. e3 Kh7 31. Bh5 g6 32. Bg4 h5 33. Bf3 Kg7 34. g4
hxg4 35. Bxg4 b5 36. Bd6 a5 37. Bc7 a4 38. bxa4 bxa4 39. Bd6 Nc3 40. a3 Nb5 41.
Be7 Na7 42. f4 Nc6 43. Bd6 Na5 44. Be2 Nb3 45. Bb4 d4 46. exd4 Nxd4 47. Bg4
Be4+ 48. Kg3 Nc2 49. Bc5 Bc6 50. Kf2 Na1 1/2-1/2

[Event "CAN-op U2400"]
[Site "Montreal CAN"]
[Date "2014.07.21"]
[Round "4"]
[White "Burrows, Zachary"]
[Black "Le Duin, Thierry"]
[Result "1/2-1/2"]
[WhiteElo "2138"]
[BlackElo "2062"]
[PlyCount "95"]
[EventDate "2014.07.19"]
[EventType "swiss"]
[EventRounds "9"]
[EventCountry "CAN"]

1. e4 d5 2. exd5 Nf6 3. d4 Bg4 4. Nf3 Qxd5 5. Nc3 Qh5 6. Be2 Nc6 7. h3 O-O-O 8.
O-O e5 9. d5 Bc5 10. Ng5 Bxe2 11. Qxe2 Qxe2 12. Nxe2 Rxd5 13. Nxf7 Re8 14. Ng5
e4 15. h4 Ng4 16. Nc3 Rde5 17. Bf4 R5e7 18. Nd5 Rd7 19. Ne3 Nxe3 20. Bxe3 Bxe3
21. fxe3 h6 22. Nh3 Ne5 23. Rae1 Rd2 24. Rf2 Red8 25. Rfe2 Nc4 26. b3 Na3 27.
Nf2 Rxc2 28. Nxe4 Re8 29. Nf2 Rd8 30. Ne4 Re8 31. Nf2 Rxe2 32. Rxe2 Nb5 33. Nd1
Re4 34. g3 Kd7 35. Kf2 Ke7 36. Rc2 c6 37. Kf3 Re5 38. Rc4 Ke6 39. Nf2 Rf5+ 40.
Ke2 Nd6 41. Ra4 a6 42. Nd3 g5 43. hxg5 hxg5 44. Rg4 Ra5 45. a4 Nf7 46. Rb4 Nd6
47. Rg4 Nf7 48. Rb4 1/2-1/2

[Event "CAN-op U2400"]
[Site "Montreal CAN"]
[Date "2014.07.21"]
[Round "4"]
[White "Caceres Cortes, Julio"]
[Black "Reeve, Jeff"]
[Result "0-1"]
[WhiteElo "2044"]
[BlackElo "2245"]
[PlyCount "48"]
[EventDate "2014.07.19"]
[EventType "swiss"]
[EventRounds "9"]
[EventCountry "CAN"]

1. Nf3 Nf6 2. d4 g6 3. c4 Bg7 4. Nc3 O-O 5. e4 d6 6. Be2 e5 7. O-O Nc6 8. d5
Ne7 9. b4 Nh5 10. Re1 f5 11. Ng5 Nf6 12. Bf3 c6 13. Ne6 Bxe6 14. dxe6 fxe4 15.
Nxe4 Nf5 16. Bb2 Qe7 17. b5 Rac8 18. bxc6 bxc6 19. c5 Nxe4 20. Bxe4 d5 21. Bc2
Qxe6 22. f4 Qe7 23. Bxe5 Qxc5+ 24. Kh1 Ne3 0-1

[Event "CAN-op U2400"]
[Site "Montreal CAN"]
[Date "2014.07.21"]
[Round "4"]
[White "Chabot, Roland"]
[Black "Jacquet, Stephane"]
[Result "1-0"]
[WhiteElo "2198"]
[BlackElo "1992"]
[PlyCount "93"]
[EventDate "2014.07.19"]
[EventType "swiss"]
[EventRounds "9"]
[EventCountry "CAN"]

1. d4 d5 2. c4 dxc4 3. e4 e5 4. Nf3 exd4 5. Bxc4 Bb4+ 6. Bd2 Bxd2+ 7. Nbxd2 Nf6
8. O-O O-O 9. e5 Ng4 10. h3 Nh6 11. Nb3 Nc6 12. Nbxd4 Nxd4 13. Qxd4 Qe7 14. b4
Be6 15. Qc3 c6 16. a4 Nf5 17. a5 a6 18. Rad1 Rfd8 19. Bxe6 Qxe6 20. Ng5 Qe7 21.
Ne4 Rxd1 22. Rxd1 Rd8 23. Rxd8+ Qxd8 24. Qd2 Qxd2 25. Nxd2 Nd4 26. Ne4 Nc2 27.
Nc5 Nxb4 28. f4 Kf8 29. Kf2 Ke7 30. Kf3 b6 31. axb6 Kd8 32. Ke4 Nd5 33. Na4 Kc8
34. f5 Kb7 35. e6 fxe6 36. fxe6 a5 37. Kd4 Nf6 38. g4 g5 39. Ke5 Ne8 40. e7 c5
41. Kd5 c4 42. Kxc4 Kc6 43. Kd4 Nd6 44. Ke5 Kd7 45. Kf6 Ke8 46. Nc5 h6 47. b7
1-0

[Event "CAN-op U2400"]
[Site "Montreal CAN"]
[Date "2014.07.21"]
[Round "4"]
[White "Cloutier, Mathieu"]
[Black "Berube, Antoine"]
[Result "0-1"]
[WhiteElo "2040"]
[BlackElo "2165"]
[PlyCount "58"]
[EventDate "2014.07.19"]
[EventType "swiss"]
[EventRounds "9"]
[EventCountry "CAN"]

1. e4 c5 2. Nf3 d6 3. d4 cxd4 4. Nxd4 Nf6 5. Nc3 a6 6. Bg5 e6 7. f4 b5 8. e5
dxe5 9. fxe5 Qc7 10. Nf3 b4 11. Nb5 axb5 12. exf6 Bd7 13. Qd4 g6 14. Ne5 Bc5
15. Qe4 O-O 16. Be2 Bc6 17. Nxc6 Nxc6 18. Be3 Bxe3 19. Qxe3 Qe5 20. Qxe5 Nxe5
21. Bxb5 Ra5 22. Be2 Rfa8 23. O-O Rxa2 24. Rxa2 Rxa2 25. Rf4 Rxb2 26. Re4 Nd7
27. Rf4 Rxc2 28. Bb5 b3 29. Bd3 Rd2 0-1

[Event "CAN-op U2400"]
[Site "Montreal CAN"]
[Date "2014.07.21"]
[Round "4"]
[White "Cohen, Lawrence"]
[Black "Doubleday, William"]
[Result "0-1"]
[WhiteElo "1922"]
[BlackElo "2059"]
[PlyCount "92"]
[EventDate "2014.07.19"]
[EventType "swiss"]
[EventRounds "9"]
[EventCountry "CAN"]

1. c4 Nf6 2. g3 c6 3. Bg2 d5 4. cxd5 cxd5 5. d4 Nc6 6. Nc3 e6 7. e3 Be7 8. Nge2
O-O 9. O-O b6 10. Bd2 Na5 11. b3 Ba6 12. Re1 Rc8 13. e4 dxe4 14. Nxe4 Nc6 15.
Nxf6+ Bxf6 16. Bxc6 Rxc6 17. Bb4 Re8 18. Rc1 Bb7 19. Bc3 Qd7 20. Qd3 Rec8 21.
f3 R6c7 22. Kf2 e5 23. Bb2 h5 24. Rxc7 Rxc7 25. Rd1 exd4 26. Bxd4 Be7 27. Qe3
Rc2 28. Rd2 Rxd2 29. Qxd2 h4 30. g4 Qd6 31. Kg2 h3+ 32. Kxh3 Bxf3 33. Ng1 Bb7
34. Qe3 Bf8 35. Be5 Qc6 36. Ne2 Qc2 37. Nc3 Qg2+ 38. Kh4 Be7+ 39. g5 Bc5 40.
Qh3 Qc2 41. Qd7 Qg2 42. Bg3 Qf3 43. Qe8+ Kh7 44. Qe5 g6 45. Be1 Bc8 46. Bg3
Qh5# 0-1

[Event "CAN-op U2400"]
[Site "Montreal CAN"]
[Date "2014.07.21"]
[Round "4"]
[White "Currie, James"]
[Black "Boudreau, Daniel"]
[Result "0-1"]
[WhiteElo "1987"]
[BlackElo "2066"]
[PlyCount "84"]
[EventDate "2014.07.19"]
[EventType "swiss"]
[EventRounds "9"]
[EventCountry "CAN"]

1. e4 c5 2. Nf3 e6 3. d3 Nc6 4. g3 g6 5. Bg2 Bg7 6. Bf4 Bxb2 7. Nbd2 Bxa1 8.
Qxa1 Qf6 9. e5 Qg7 10. Nc4 d5 11. Nd6+ Kd7 12. Ng5 Nh6 13. Bxd5 Nd4 14. Bb3 a6
15. Qc3 b6 16. Nge4 Nhf5 17. Ba4+ Ke7 18. Nxf5+ gxf5 19. Bg5+ Kf8 20. f4 fxe4
21. Rf1 Bb7 22. Qb2 b5 23. dxe4 h6 24. Qc3 Rc8 25. Bf6 Qg4 26. Rf2 Rh7 27. Bb3
Bxe4 28. Qa5 Nf3+ 29. Kd1 Nd4+ 30. Kc1 Nxb3+ 31. axb3 c4 32. Rd2 Bd5 33. Qxa6
Re8 34. Qxb5 cxb3 35. c4 Rc8 36. Kb2 Qf3 37. Qb4+ Kg8 38. cxd5 exd5 39. Qd4 h5
40. Qd3 Qh1 41. Rd1 Qxh2+ 42. Qd2 Rc2+ 0-1

[Event "CAN-op U2400"]
[Site "Montreal CAN"]
[Date "2014.07.21"]
[Round "4"]
[White "Doknjas, John"]
[Black "Dehmel, Jens"]
[Result "1/2-1/2"]
[WhiteElo "1993"]
[BlackElo "2067"]
[PlyCount "45"]
[EventDate "2014.07.19"]
[EventType "swiss"]
[EventRounds "9"]
[EventCountry "CAN"]

1. d4 d5 2. c4 c6 3. cxd5 cxd5 4. Bf4 Nf6 5. e3 Nc6 6. Nc3 Bg4 7. Qb3 Na5 8.
Qa4+ Bd7 9. Qc2 e6 10. Bd3 Be7 11. Nf3 O-O 12. O-O a6 13. Rac1 b5 14. Qe2 Qb6
15. Ne5 Rfc8 16. b3 Ba3 17. Rc2 Nc6 18. Nb1 Be7 19. Rfc1 Nxe5 20. Bxe5 Ne8 21.
Rxc8 Bxc8 22. Qc2 g6 23. Qc6 1/2-1/2

[Event "CAN-op U2400"]
[Site "Montreal CAN"]
[Date "2014.07.21"]
[Round "4"]
[White "Doknjas, Joshua"]
[Black "Nikulich, Oleksandr"]
[Result "1/2-1/2"]
[WhiteElo "1849"]
[BlackElo "2008"]
[PlyCount "132"]
[EventDate "2014.07.19"]
[EventType "swiss"]
[EventRounds "9"]
[EventCountry "CAN"]

1. e4 e5 2. Nf3 Nc6 3. Bc4 Bc5 4. c3 Nf6 5. d3 h6 6. O-O d6 7. Bb3 Qe7 8. Nbd2
a6 9. h3 Ba7 10. Re1 O-O 11. Nf1 Be6 12. Bc2 Rad8 13. d4 Bc8 14. Ng3 Rfe8 15.
Ba4 b5 16. d5 Nb8 17. Bb3 c6 18. a4 cxd5 19. exd5 Qb7 20. Nh4 Nbd7 21. Nhf5 Nc5
22. Bc2 e4 23. Bf4 Bb8 24. axb5 Qxd5 25. Nd4 axb5 26. Nxb5 Qc6 27. Nd4 Qb7 28.
b4 Ne6 29. Nxe6 Rxe6 30. Qd4 d5 31. Bxb8 Qxb8 32. Nxe4 Nxe4 33. Bxe4 Rde8 34.
Qxd5 Bb7 35. Qxb7 Qxb7 36. Bxb7 Rxe1+ 37. Rxe1 Rxe1+ 38. Kh2 Rc1 39. b5 Rxc3
40. Bc6 Rb3 41. f3 Kf8 42. Kg3 Ke7 43. Kf2 Kd6 44. f4 f6 45. Ke2 Kc5 46. Kf2
Kb4 47. Ke2 Kc3 48. Ke3 Rb4 49. g3 Kc2 50. Ke2 Rb3 51. Kf2 Kd2 52. Bd7 Kd3 53.
Bc6 Kd4 54. Bd7 h5 55. h4 Ke4 56. Bc6+ Kf5 57. Bd7+ Kg6 58. Be8+ Kh6 59. Bc6 g6
60. Kg2 Kg7 61. Kf2 Kf8 62. Be4 g5 63. fxg5 fxg5 64. hxg5 Rxb5 65. g6 Kg7 66.
Kf3 Rb4 1/2-1/2

[Event "CAN-op U2400"]
[Site "Montreal CAN"]
[Date "2014.07.21"]
[Round "4"]
[White "Fillion, Steve"]
[Black "Song, Sam"]
[Result "1-0"]
[WhiteElo "2140"]
[BlackElo "2030"]
[PlyCount "59"]
[EventDate "2014.07.19"]
[EventType "swiss"]
[EventRounds "9"]
[EventCountry "CAN"]

1. e4 c5 2. Nf3 e6 3. b3 d6 4. Bb5+ Nd7 5. Bb2 a6 6. Bxd7+ Bxd7 7. O-O Nf6 8.
Nc3 e5 9. a4 Be7 10. a5 b5 11. axb6 Qxb6 12. Qe2 Qb7 13. Ra2 O-O 14. Rfa1 Bb5
15. d3 Bd7 16. Nd2 Be6 17. Nc4 Nd7 18. Ne3 Nb6 19. Qh5 g6 20. Qh6 Rfd8 21. f4
Bf8 22. Qg5 Be7 23. Qg3 exf4 24. Qxf4 Rf8 25. Nf5 Bxf5 26. exf5 Rfd8 27. Ne4
Nd5 28. Qf3 Ra7 29. Rf1 Nb4 30. fxg6 1-0

[Event "CAN-op U2400"]
[Site "Montreal CAN"]
[Date "2014.07.21"]
[Round "4"]
[White "Forget, Luc"]
[Black "De Lagrave, Sylvain"]
[Result "0-1"]
[WhiteElo "1998"]
[BlackElo "1911"]
[PlyCount "132"]
[EventDate "2014.07.19"]
[EventType "swiss"]
[EventRounds "9"]
[EventCountry "CAN"]

1. d4 Nf6 2. c4 c5 3. d5 e5 4. Nc3 d6 5. e4 Nbd7 6. Bd3 Be7 7. Nge2 h5 8. h3 h4
9. Be3 a6 10. a4 Nh7 11. a5 Bg5 12. Qd2 Bxe3 13. Qxe3 g5 14. Bc2 Ndf8 15. Ba4+
Bd7 16. g4 Bxa4 17. Rxa4 Nd7 18. O-O Nhf8 19. Rfa1 f6 20. Nc1 Rh7 21. Nd3 Rc8
22. Qf3 Ng6 23. Ne2 Nf4 24. Nexf4 exf4 25. Qd1 Qe7 26. Qc2 Ne5 27. Nxe5 Qxe5
28. R4a3 Re7 29. f3 Rcc7 30. Rb3 Kd8 31. Raa3 Red7 32. Rb6 Qd4+ 33. Kf1 Ke7 34.
Rab3 Kf7 35. Rd3 Qe5 36. Qc3 Ke7 37. Ke2 Kd8 38. Kf2 Kc8 39. Qc2 Kd8 40. Ke2
Ke7 41. Rd1 Kd8 42. Qd3 Ke7 43. Rb1 Kf7 44. Kd2 Ke7 45. Qc3 Ke8 46. b4 cxb4 47.
R1xb4 Qxc3+ 48. Kxc3 Kd8 49. Kd3 Kc8 50. c5 Rxc5 51. Rc4 Rxc4 52. Kxc4 Rc7+ 53.
Kd4 Kd7 54. e5 fxe5+ 55. Ke4 Rc4+ 56. Kf5 Rc3 57. Rxb7+ Kc8 58. Rb6 Rxf3 59.
Rxd6 Rxh3 60. Kxg5 f3 61. Rc6+ Kd7 62. Rc2 Rg3 63. Kxh4 Rg2 64. Rc1 e4 65. Kg5
f2 66. Kf4 Rg1 0-1

[Event "CAN-op U2400"]
[Site "Montreal CAN"]
[Date "2014.07.21"]
[Round "4"]
[White "Gelet, Seymour"]
[Black "Noritsyn, Sergey"]
[Result "1-0"]
[WhiteElo "2083"]
[BlackElo "1821"]
[PlyCount "59"]
[EventDate "2014.07.19"]
[EventType "swiss"]
[EventRounds "9"]
[EventCountry "CAN"]

1. d4 d5 2. c4 dxc4 3. Nf3 Nf6 4. e3 e6 5. Bxc4 a6 6. a4 c5 7. Nc3 Nc6 8. O-O
Be7 9. Qd3 O-O 10. Rd1 Qc7 11. Qe2 Rd8 12. h3 b6 13. d5 exd5 14. Nxd5 Nxd5 15.
Bxd5 Bb7 16. e4 Bf6 17. Ng5 Nd4 18. Qh5 Bxd5 19. Qxh7+ Kf8 20. exd5 Qe5 21. Bd2
Ne2+ 22. Kf1 Re8 23. Nf3 Qxd5 24. Bc3 Qc4 25. b3 Ng3+ 26. Kg1 Ne2+ 27. Kh1 Qe6
28. Ng5 Qe5 29. Ra2 Nxc3 30. Rd7 1-0

[Event "CAN-op U2400"]
[Site "Montreal CAN"]
[Date "2014.07.21"]
[Round "4"]
[White "Gilbert, Erick"]
[Black "Destree, Frederic"]
[Result "1/2-1/2"]
[WhiteElo "1946"]
[BlackElo "1944"]
[PlyCount "138"]
[EventDate "2014.07.19"]
[EventType "swiss"]
[EventRounds "9"]
[EventCountry "CAN"]

1. Nf3 Nf6 2. c4 g6 3. g3 Bg7 4. Bg2 O-O 5. O-O d6 6. d4 c6 7. Nc3 Qa5 8. e4
Bg4 9. h3 Bxf3 10. Bxf3 Nbd7 11. a3 c5 12. dxc5 dxc5 13. Bf4 Rad8 14. Qe2 e5
15. Bg5 h6 16. Be3 Nb8 17. Rfb1 Nc6 18. b4 cxb4 19. axb4 Qc7 20. Nd5 Nxd5 21.
cxd5 Nd4 22. Bxd4 exd4 23. Rxa7 Ra8 24. Rxa8 Rxa8 25. Rd1 Qb6 26. b5 Ra5 27.
Qe1 Rxb5 28. Be2 Rb2 29. Bd3 g5 30. Rb1 Be5 31. Rxb2 Qxb2 32. Qe2 Qc3 33. Bb5
Qc5 34. Kg2 Kf8 35. Bc4 Qd6 36. Qa2 b6 37. Qa8+ Kg7 38. Qa4 Kf8 39. Qa8+ Ke7
40. Bb5 Kf6 41. Qc8 Kg7 42. h4 Qg6 43. Qg4 Kh7 44. hxg5 hxg5 45. f3 Kg7 46. Qh3
Qh6 47. Qxh6+ Kxh6 48. Be2 Kg6 49. Kh3 f6 50. Kg4 Bc7 51. f4 gxf4 52. gxf4 f5+
53. exf5+ Kf6 54. Kf3 Kxf5 55. Bd3+ Kf6 56. Ke4 Bd6 57. f5 Bc5 58. Bb1 b5 59.
Bd3 b4 60. Bc2 Bd6 61. Kxd4 b3 62. Bb1 b2 63. Kc3 Be5+ 64. Kc4 Ke7 65. Kc5 Bd6+
66. Kc6 Be5 67. Be4 Bf4 68. Bc2 Be5 69. Bb1 Bf4 1/2-1/2

[Event "CAN-op U2400"]
[Site "Montreal CAN"]
[Date "2014.07.21"]
[Round "4"]
[White "Haddadi, Farshad"]
[Black "Dube, Daniel"]
[Result "0-1"]
[WhiteElo "2000"]
[BlackElo "1839"]
[PlyCount "82"]
[EventDate "2014.07.19"]
[EventType "swiss"]
[EventRounds "9"]
[EventCountry "CAN"]

1. d4 d5 2. Nc3 e6 3. Nf3 Nf6 4. a3 Be7 5. h3 O-O 6. Bf4 a6 7. e3 c5 8. Be2 Nc6
9. O-O Ne4 10. Re1 f5 11. Ne5 c4 12. Bh5 Nxc3 13. bxc3 Nxe5 14. Bxe5 Bd6 15.
Bg3 Bxg3 16. fxg3 g6 17. Be2 Qg5 18. Kf2 Bd7 19. Rh1 Rae8 20. h4 Qh6 21. h5 g5
22. Kg1 Bc6 23. a4 e5 24. Rb1 g4 25. Qd2 exd4 26. cxd4 Qxe3+ 27. Qxe3 Rxe3 28.
Kf2 Rfe8 29. Bd1 Ra3 30. h6 Kf7 31. Rb4 Ree3 32. c3 Rexc3 33. Rb2 Rc1 34. Rc2
Raa1 35. Rxc1 Rxc1 36. a5 Ba4 37. Ke2 Bxd1+ 38. Rxd1 Rxd1 39. Kxd1 Kf6 40. Kc2
f4 41. gxf4 g3 0-1

[Event "CAN-op U2400"]
[Site "Montreal CAN"]
[Date "2014.07.21"]
[Round "4"]
[White "Khassanov, Marat"]
[Black "Luo, Zhao Yang"]
[Result "1-0"]
[WhiteElo "2256"]
[BlackElo "1959"]
[PlyCount "123"]
[EventDate "2014.07.19"]
[EventType "swiss"]
[EventRounds "9"]
[EventCountry "CAN"]

1. e4 c6 2. d4 d5 3. Nd2 dxe4 4. Nxe4 Bf5 5. Ng3 Bg6 6. h4 h6 7. Nf3 Nd7 8. h5
Bh7 9. Bd3 Bxd3 10. Qxd3 Ngf6 11. Be3 e6 12. O-O-O Be7 13. Kb1 O-O 14. Ne4 Nxe4
15. Qxe4 Nf6 16. Qd3 Qd5 17. Ne5 Bd6 18. c4 Qe4 19. Qxe4 Nxe4 20. g4 Bxe5 21.
dxe5 Rfd8 22. Kc2 b6 23. Rhe1 Nc5 24. Bxc5 bxc5 25. Rxd8+ Rxd8 26. Rd1 Rxd1 27.
Kxd1 g5 28. Kc2 f6 29. Kb3 fxe5 30. Ka4 e4 31. Ka5 Kf7 32. Ka6 Kf6 33. Kxa7 Ke5
34. Kb6 Kf4 35. Kxc5 Kxg4 36. a4 Kf3 37. a5 Kxf2 38. a6 e3 39. a7 e2 40. a8=Q
e1=Q 41. Qf8+ Kg2 42. Qxh6 g4 43. Qg6 g3 44. h6 Kf3 45. Qf6+ Kg4 46. Qg7+ Kf5
47. b4 Qh1 48. Qxg3 Qxh6 49. Qf3+ Ke5 50. Kxc6 Qd2 51. Qg3+ Ke4 52. b5 Qd8 53.
b6 Qc8+ 54. Qc7 Qe8+ 55. Kb7 Kd4 56. c5 e5 57. c6 Kc5 58. Qd7 Qg6 59. Qe7+ Kd5
60. c7 Qc6+ 61. Ka7 e4 62. Qd8+ 1-0

[Event "CAN-op U2400"]
[Site "Montreal CAN"]
[Date "2014.07.21"]
[Round "4"]
[White "Klenburg, Mikhail"]
[Black "Voskanyan, Vahagn"]
[Result "1-0"]
[WhiteElo "2368"]
[BlackElo "2225"]
[PlyCount "97"]
[EventDate "2014.07.19"]
[EventType "swiss"]
[EventRounds "9"]
[EventCountry "CAN"]

1. g3 d5 2. Nf3 c5 3. c4 Nf6 4. Bg2 Nc6 5. O-O e6 6. d4 dxc4 7. Qa4 Qa5 8. Qxc4
cxd4 9. Nxd4 Nxd4 10. Qxd4 Bc5 11. Qh4 Be7 12. Nd2 O-O 13. Nc4 Qa6 14. b3 Bd7
15. Bb2 Bc6 16. e4 Bb5 17. Rfc1 Rac8 18. Bf1 Bxc4 19. Rxc4 Rxc4 20. Bxc4 Qa5
21. e5 Nd5 22. Qe4 Qd2 23. Qd4 Qxd4 24. Bxd4 Nb6 25. Bf1 Rd8 26. Be3 Ba3 27.
Bg2 Rd7 28. f4 Kf8 29. Kf1 Ke7 30. Ke2 Kd8 31. Rb1 Kc8 32. Be4 g6 33. b4 Nc4
34. Rb3 Nxe3 35. Rxa3 Nc4 36. Rc3 Rc7 37. g4 Nb6 38. Rh3 Na4 39. Rxh7 Nc3+ 40.
Ke3 Nxa2 41. h4 Nxb4 42. h5 gxh5 43. gxh5 Rc3+ 44. Kd2 Rc4 45. h6 Rxe4 46. Rxf7
a5 47. Rf8+ Kc7 48. h7 Rd4+ 49. Ke2 1-0

[Event "CAN-op U2400"]
[Site "Montreal CAN"]
[Date "2014.07.21"]
[Round "4"]
[White "Larochelle, Martial"]
[Black "Drkulec, Vladimir"]
[Result "1/2-1/2"]
[WhiteElo "2133"]
[BlackElo "1922"]
[PlyCount "86"]
[EventDate "2014.07.19"]
[EventType "swiss"]
[EventRounds "9"]
[EventCountry "CAN"]

1. d4 Nf6 2. c4 e6 3. Nc3 Bb4 4. e3 O-O 5. Nge2 b6 6. a3 Be7 7. e4 d6 8. Ng3
Bb7 9. Be2 Nbd7 10. O-O Re8 11. Be3 c5 12. d5 exd5 13. cxd5 g6 14. Qd2 a6 15.
a4 Rb8 16. Rae1 h5 17. f3 Nh7 18. f4 h4 19. Nh1 Bf6 20. Nf2 Bg7 21. Bd3 Nhf6
22. Bc2 Bc8 23. e5 dxe5 24. f5 gxf5 25. Bxf5 Nf8 26. Nfe4 Bxf5 27. Rxf5 N6h7
28. Ref1 Rb7 29. Bh6 Ng6 30. Rh5 Nf4 31. Bxf4 exf4 32. Qxf4 Rd7 33. Rxh4 Nf8
34. Nf6+ Bxf6 35. Qxf6 Qxf6 36. Rxf6 Rb8 37. Rc6 Ng6 38. Rh5 Kg7 39. Ne4 Ne7
40. Rg5+ Ng6 41. Nd6 f6 42. Nf5+ Kf7 43. Nh6+ Kg7 1/2-1/2

[Event "CAN-op U2400"]
[Site "Montreal CAN"]
[Date "2014.07.21"]
[Round "4"]
[White "Lebeau, Gilbert"]
[Black "De Kerpel, Stijn"]
[Result "1-0"]
[WhiteElo "1998"]
[BlackElo "2183"]
[PlyCount "55"]
[EventDate "2014.07.19"]
[EventType "swiss"]
[EventRounds "9"]
[EventCountry "CAN"]

1. d4 Nf6 2. c4 e6 3. Nc3 Bb4 4. e3 O-O 5. Bd3 d5 6. Nge2 c5 7. cxd5 Nxd5 8. a3
Nxc3 9. bxc3 Ba5 10. O-O Nc6 11. Bb2 Bb6 12. Rc1 e5 13. d5 Ne7 14. c4 Bc7 15.
f4 exf4 16. Nxf4 Bxf4 17. Rxf4 Ng6 18. Qh5 Bd7 19. Rcf1 Qe7 20. Re4 Qd8 21. Bf6
gxf6 22. Rh4 Re8 23. Qxh7+ Kf8 24. Bxg6 Ke7 25. Qxf7+ Kd6 26. Qxf6+ Qxf6 27.
Rxf6+ Ke7 28. Bxe8 1-0

[Event "CAN-op U2400"]
[Site "Montreal CAN"]
[Date "2014.07.21"]
[Round "4"]
[White "Lee, Megan"]
[Black "Beaulieu, Pierre"]
[Result "1-0"]
[WhiteElo "2094"]
[BlackElo "1858"]
[PlyCount "94"]
[EventDate "2014.07.19"]
[EventType "swiss"]
[EventRounds "9"]
[EventCountry "CAN"]

1. e4 e6 2. d4 d5 3. Nc3 Nf6 4. Bg5 Be7 5. Bxf6 Bxf6 6. Nf3 c5 7. exd5 exd5 8.
Bb5+ Nc6 9. O-O O-O 10. dxc5 Bxc3 11. bxc3 a6 12. Bxc6 bxc6 13. Qd4 a5 14. Rfb1
Re8 15. Qa4 Re6 16. Re1 Qf6 17. Rxe6 Bxe6 18. Qd4 Qd8 19. Rb1 a4 20. Rb6 Bd7
21. h3 f6 22. c4 Be8 23. cxd5 Qxd5 24. Qxd5+ cxd5 25. Nd4 Ra5 26. c6 Rc5 27.
Rb8 Kf7 28. Rb7+ Kg8 29. c7 Bd7 30. Kf1 Rc4 31. Ke2 Bc8 32. Rb8 Rxc7 33. Nb5
Rxc2+ 34. Kd3 Rxa2 35. Rxc8+ Kf7 36. Rc2 Ra1 37. Nc3 Ke6 38. Kd4 Kd6 39. Nb5+
Ke6 40. Re2+ Kd7 41. Kxd5 a3 42. Nc3 Rg1 43. f3 Rc1 44. Kc4 h5 45. Kb3 h4 46.
Na2 Ra1 47. Kxa3 Kd6 1-0

[Event "CAN-op U2400"]
[Site "Montreal CAN"]
[Date "2014.07.21"]
[Round "4"]
[White "Lepine, Cedric"]
[Black "Dorrance, Adam"]
[Result "0-1"]
[WhiteElo "2113"]
[BlackElo "2018"]
[PlyCount "94"]
[EventDate "2014.07.19"]
[EventType "swiss"]
[EventRounds "9"]
[EventCountry "CAN"]

1. d4 Nf6 2. c4 e5 3. dxe5 Ng4 4. Nf3 Nc6 5. Bf4 Bb4+ 6. Nc3 Bxc3+ 7. bxc3 Qe7
8. Qd5 f6 9. exf6 Nxf6 10. Qd1 d6 11. e3 O-O 12. Be2 Ne4 13. Nd4 Nxc3 14. Nxc6
bxc6 15. Qc2 Nxe2 16. Qxe2 c5 17. Bg3 Ba6 18. Qc2 Qe6 19. Rc1 Rab8 20. a3 Bxc4
21. Qxc4 Qxc4 22. Rxc4 Rb1+ 23. Kd2 Rxh1 24. Ra4 Rb1 25. Rxa7 Rc8 26. e4 Rbb8
27. e5 Ra8 28. Rb7 Rxa3 29. exd6 cxd6 30. Bxd6 Rd8 31. Rb8 Rxb8 32. Bxb8 c4 33.
g4 Kf7 34. Be5 g6 35. Bc3 Ke6 36. h4 h5 37. f3 Kd5 38. Kc2 Ra7 39. Kd2 hxg4 40.
fxg4 Ke4 41. Bf6 Kf4 42. Kc3 Kxg4 43. Kxc4 Rh7 44. Kd3 Rxh4 45. Bxh4 Kxh4 46.
Ke2 Kg3 47. Kf1 g5 0-1

[Event "CAN-op U2400"]
[Site "Montreal CAN"]
[Date "2014.07.21"]
[Round "4"]
[White "Lopez Linares, Lizandro"]
[Black "Simard, Francois"]
[Result "1-0"]
[WhiteElo "2025"]
[BlackElo "1750"]
[PlyCount "41"]
[EventDate "2014.07.19"]
[EventType "swiss"]
[EventRounds "9"]
[EventCountry "CAN"]

1. d4 d5 2. Nf3 Nf6 3. c4 e6 4. Nc3 Nbd7 5. cxd5 exd5 6. Bg5 h6 7. Bh4 Be7 8.
Qc2 O-O 9. e3 c6 10. Bd3 Re8 11. O-O Nh5 12. Bg3 Nxg3 13. hxg3 Bd6 14. Rab1 Qc7
15. b4 b5 16. Rfc1 Qb8 17. e4 Nb6 18. exd5 Nxd5 19. Nxd5 cxd5 20. Qc6 a6 21.
Qxe8+ 1-0